[Event "British Chess Championships 2023: Major Open"]
[Site "The Venue, De Montfort University, 20 Western Boulevard, Leicester, LE2 7BU"]
[Date "2023.07.29"]
[Round "8"]
[Board "32"]
[White "Berkley, Stephen W"]
[Black "Graham, Danny"]
[Result "1/2-1/2"]
[WhiteElo "1587"]
[BlackElo "1715"]
[PlyCount "70"]
[EventDate "2023.07.22"]
[EventRounds "9"]
[EventCountry "ENG"]

1. d4 f5 2. g3 e6 3. Bg2 Nf6 4. Nf3 Be7 5. O-O O-O 6. c4 d6 7. Nc3 Ne4 8. Qc2 Nxc3
9. Qxc3 Nd7 10. b3 Nf6 11. Bb2 Qe8 12. Nd2 Qh5 13. f3 Nd7 14. Kf2 Bf6 15. f4 c5 16.
Qf3 Qxf3+ 17. Nxf3 b6 18. Ne5 Rb8 19. Nxd7 Bxd7 20. Rad1 Bc8 21. Ba3 Bb7 22. e3 Bxg2
23. Kxg2 Rfe8 24. dxc5 dxc5 25. Rd7 Rbd8 26. Rfd1 Rxd7 27. Rxd7 Re7 28. Rxe7 Bxe7
29. Bb2 Kf7 30. Be5 Bf6 31. Bb8 a6 32. Kf3 h6 33. a4 Bd8 34. Be5 g5 35. Bd6 g4+  1/2-1/2

[Event "British Chess Championships 2023: Major Open"]
[Site "The Venue, De Montfort University, 20 Western Boulevard, Leicester, LE2 7BU"]
[Date "2023.07.29"]
[Round "8"]
[Board "33"]
[White "Whittington, Reece W"]
[Black "Gonzales, Ceferino"]
[Result "1-0"]
[WhiteElo "1624"]
[BlackElo "1493"]
[PlyCount "65"]
[EventDate "2023.07.22"]
[EventRounds "9"]
[EventCountry "ENG"]

1. d4 d5 2. c4 e6 3. Nc3 a6 4. Nf3 dxc4 5. Qa4+ b5 6. Qc2 Bb7 7. e3 Nf6 8. a4 c6
9. g3 Nbd7 10. Bg2 Nd5 11. Nxd5 cxd5 12. O-O b4 13. a5 b3 14. Qe2 Nf6 15. Ne5 Rc8
16. Bd2 Nd7 17. f4 Nxe5 18. fxe5 Be7 19. Bh3 Qd7 20. Qg4 O-O 21. Rf3 Rc6 22. Raf1
Qd8 23. Rf6 c3 24. Bxc3 Rxc3 25. bxc3 Qxa5 26. Rxf7 Rxf7 27. Qxe6 Qd8 28. Qxf7+ Kh8
29. Bf5 a5 30. Qh5 g6 31. Bxg6 Qg8 32. Bb1 Bg5 33. Rf7  1-0

[Event "British Chess Championships 2023: Major Open"]
[Site "The Venue, De Montfort University, 20 Western Boulevard, Leicester, LE2 7BU"]
[Date "2023.07.30"]
[Round "9"]
[Board "2"]
[White "Clarke, Brandon Gi"]
[Black "Salmons, Calum"]
[Result "1-0"]
[WhiteElo "2486"]
[BlackElo "1977"]
[PlyCount "87"]
[EventDate "2023.07.22"]
[EventRounds "9"]
[EventCountry "ENG"]

1. e4 c5 2. Nf3 d6 3. d4 cxd4 4. Nxd4 Nf6 5. Nc3 g6 6. Be3 Bg7 7. f3 O-O 8. Qd2 Nc6
9. O-O-O d5 10. Nxc6 bxc6 11. Bc4 Bb7 12. exd5 cxd5 13. Nxd5 Nxd5 14. Bxd5 Qc7 15.
Bxb7 Qxb7 16. Bd4 Rad8 17. Qc3 Rxd4 18. Rxd4 Bxd4 19. Qxd4 Qc7 20. g3 Rd8 21. Qe3
Qa5 22. a3 e6 23. Rd1 Rxd1+ 24. Kxd1 Qd5+ 25. Kc1 a5 26. b3 h5 27. Kb2 Qd1 28. h4
Qd6 29. f4 Qc6 30. Qc3 Qd5 31. b4 a4 32. Qd3 Qc6 33. Qc3 Qd5 34. Qc8+ Kh7 35. Qc5
Qf3 36. Qc7 Kg8 37. b5 Qd5 38. Qe5 Qc4 39. b6 Qc6 40. Qd4 Kh7 41. Qb4 Qb7 42. Qb5
Kg8 43. Qc5 Kg7 44. Qc7  1-0

[Event "British Chess Championships 2023: Major Open"]
[Site "The Venue, De Montfort University, 20 Western Boulevard, Leicester, LE2 7BU"]
[Date "2023.07.30"]
[Round "9"]
[Board "3"]
[White "Sanger, Jake M"]
[Black "Atako, Chino C"]
[Result "1/2-1/2"]
[WhiteElo "1933"]
[BlackElo "2009"]
[PlyCount "187"]
[EventDate "2023.07.22"]
[EventRounds "9"]
[EventCountry "ENG"]

1. d4 Nf6 2. c4 e6 3. Nf3 d5 4. Nc3 a6 5. cxd5 exd5 6. Bg5 Be6 7. e3 Nbd7 8. Bd3
h6 9. Bh4 Be7 10. O-O O-O 11. Qc2 c6 12. Ne2 Bg4 13. Ne5 Bxe2 14. Qxe2 Nxe5 15. dxe5
Nd7 16. Bg3 Re8 17. Qh5 Bf8 18. f4 Nc5 19. Bc2 Ne4 20. Bxe4 dxe4 21. f5 Qa5 22. Qg4
Rxe5 23. Bxe5 Qxe5 24. f6 g6 25. Qf4 Qe6 26. b3 Rd8 27. Rad1 Rd5 28. Rxd5 Qxd5 29.
h4 b5 30. Rc1 c5 31. Qf2 Bd6 32. g3 Kh7 33. Kg2 Qe5 34. Rc2 g5 35. hxg5 hxg5 36.
Rd2 Kg6 37. g4 Qh2+ 38. Kf1 Qh3+ 39. Kg1 Qxg4+ 40. Qg2 Qe6 41. Qh1 Qxf6 42. Qxe4+
Kg7 43. Qd5 Be7 44. Rf2 Qg6 45. Qe5+ Bf6 46. Qxc5 Qb1+ 47. Kh2 Qh7+ 48. Kg1 Qb1+
49. Rf1 Qxa2 50. Qf5 Qb2 51. Rf2 Qc3 52. b4 Qe5 53. Qxe5 Bxe5 54. Rc2 Bd6 55. Rb2
Kf6 56. Ra2 Bxb4 57. Rxa6+ Ke5 58. Rb6 Ke4 59. Rf6 Bd2 60. Rxf7 Bxe3+ 61. Kg2 Kd4
62. Kf3 Bf4 63. Ke2 b4 64. Rb7 Kc3 65. Rb6 b3 66. Rc6+ Kb4 67. Kd3 Be5 68. Re6 Bf4
69. Rb6+ Kc5 70. Rxb3 Kd5 71. Rb5+ Kc6 72. Rf5 Kd6 73. Ke4 Ke6 74. Ra5 Kd6 75. Rb5
Kc6 76. Rd5 Kc7 77. Kd4 Kc6 78. Kc4 Kb6 79. Rc5 Be3 80. Rc8 Bf4 81. Kd5 Kb7 82. Rc6
Ka7 83. Kc5 Kb7 84. Kb5 Be3 85. Re6 Bf4 86. Re7+ Kc8 87. Kc6 Kd8 88. Rg7 Ke8 89.
Kd5 Kf8 90. Rb7 Ke8 91. Rh7 Kd8 92. Rg7 Kc8 93. Rxg5 Bxg5 94. Ke4  1/2-1/2

[Event "British Chess Championships 2023: Major Open"]
[Site "The Venue, De Montfort University, 20 Western Boulevard, Leicester, LE2 7BU"]
[Date "2023.07.30"]
[Round "9"]
[Board "4"]
[White "Dilley, Jason M"]
[Black "Verma, Aditya"]
[Result "0-1"]
[WhiteElo "2034"]
[BlackElo "2138"]
[PlyCount "130"]
[EventDate "2023.07.22"]
[EventRounds "9"]
[EventCountry "ENG"]

1. e4 c5 2. Nf3 d6 3. d4 cxd4 4. Nxd4 Nf6 5. Nc3 g6 6. f3 Bg7 7. Be3 Nc6 8. Qd2 O-O
9. O-O-O d5 10. exd5 Nxd5 11. Nxc6 bxc6 12. Nxd5 cxd5 13. Qxd5 Qc7 14. Qc5 Qb7 15.
Qb5 Qxb5 16. Bxb5 Rb8 17. Bc4 Bxb2+ 18. Kd2 Bf5 19. Bb3 a5 20. g4 Bd7 21. Rb1 Be5
22. Ba7 Rbc8 23. a4 Bc3+ 24. Ke2 e5 25. Rhd1 Bc6 26. h4 Rfe8 27. Kf2 Kg7 28. g5 Re7
29. Be3 Rb7 30. h5 gxh5 31. Rh1 Bd7 32. Rxh5 Bf5 33. Rhh1 Rb4 34. Rbd1 Bd4 35. Rd2
Bxe3+ 36. Kxe3 Rc3+ 37. Ke2 Rf4 38. Rd5 e4 39. Rxa5 Rcxf3 40. Re5 Rg4 41. Rh2 Rxg5
42. Rf2 Kf6 43. Rc5 Bg4 44. Rc6+ Kg7 45. Rxf3 Bxf3+ 46. Ke3 h5 47. Rc7 h4 48. Bxf7
Kf6 49. Be8 h3 50. Rh7 Bg2 51. Bd7 Rg3+ 52. Kf4 Ra3 53. Bb5 Kg6 54. Rh4 Rf3+ 55.
Kg4 e3 56. Bd3+ Kg7 57. a5 Rf8 58. a6 Re8 59. Kg3 e2 60. Rg4+ Kf6 61. Rf4+ Ke5 62.
Bxe2 h2 63. Kxg2 Kxf4 64. Bb5 Rh8 65. Kh1 Ke5  0-1

[Event "British Chess Championships 2023: Major Open"]
[Site "The Venue, De Montfort University, 20 Western Boulevard, Leicester, LE2 7BU"]
[Date "2023.07.30"]
[Round "9"]
[Board "6"]
[White "Turner, Lewis A"]
[Black "Dicen, Elis Denele"]
[Result "1/2-1/2"]
[WhiteElo "1803"]
[BlackElo "1925"]
[PlyCount "103"]
[EventDate "2023.07.22"]
[EventRounds "9"]
[EventCountry "ENG"]

1. e4 e6 2. d4 d5 3. e5 c5 4. c3 Qb6 5. Nf3 Nc6 6. Bd3 cxd4 7. O-O Bd7 8. Re1 h6
9. Nbd2 Rc8 10. Rb1 a5 11. Nb3 a4 12. Nbxd4 Bc5 13. Be3 Nxd4 14. Nxd4 Ne7 15. Qg4
g6 16. Qe2 Nf5 17. Bxf5 gxf5 18. Nc2 Bxe3 19. Qxe3 Qxe3 20. Rxe3 Ke7 21. Rd1 Rhg8
22. Rd4 b5 23. a3 Rg6 24. Rb4 Rc4 25. f3 f6 26. Rxc4 bxc4 27. Nd4 f4 28. Re1 fxe5
29. Rxe5 Kf6 30. Re2 e5 31. Nc2 Ke6 32. Kf2 Kd6 33. g3 fxg3+ 34. hxg3 Rf6 35. Ke3
Kc5 36. f4 exf4+ 37. gxf4 Bg4 38. Rg2 h5 39. Nd4 Rf8 40. Nf3 Re8+ 41. Ne5 Kd6 42.
Kd4 Rf8 43. Ke3 Re8 44. Kf2 Rf8 45. Kg3 Be6 46. Rh2 Rf5 47. Rh4 Bd7 48. Nf3 Be8 49.
Nd4 Rf8 50. Kf2 Bd7 51. Nf3 Bg4 52. Ke3  1/2-1/2

[Event "British Chess Championships 2023: Major Open"]
[Site "The Venue, De Montfort University, 20 Western Boulevard, Leicester, LE2 7BU"]
[Date "2023.07.30"]
[Round "9"]
[Board "7"]
[White "Badacsonyi, Stanley"]
[Black "Nelson, Jonathan P"]
[Result "1/2-1/2"]
[WhiteElo "1976"]
[BlackElo "2175"]
[PlyCount "57"]
[EventDate "2023.07.22"]
[EventRounds "9"]
[EventCountry "ENG"]

1. d4 Nf6 2. Nc3 d6 3. e4 e5 4. dxe5 dxe5 5. Qxd8+ Kxd8 6. Bc4 Be6 7. Bxe6 fxe6 8.
f3 Nc6 9. Be3 Bd6 10. Nh3 Ke7 11. Nb1 Nd4 12. Kd1 Bc5 13. c3 Nb3 14. Bxc5+ Nxc5 15.
Ke2 Rhd8 16. Nf2 b5 17. Na3 a5 18. b3 c6 19. Rhd1 Rxd1 20. Rxd1 Rd8 21. Rc1 Ra8 22.
Nc2 Nfd7 23. Ne1 h5 24. h4 Nb7 25. Ned3 c5 26. c4 b4 27. a4 Nd8 28. Rg1 Nc6 29. Nc1
 1/2-1/2

[Event "British Chess Championships 2023: Major Open"]
[Site "The Venue, De Montfort University, 20 Western Boulevard, Leicester, LE2 7BU"]
[Date "2023.07.30"]
[Round "9"]
[Board "8"]
[White "Brewer, Callum D"]
[Black "Pink, Joshua"]
[Result "1-0"]
[WhiteElo "2132"]
[BlackElo "1890"]
[PlyCount "51"]
[EventDate "2023.07.22"]
[EventRounds "9"]
[EventCountry "ENG"]

1. e4 d6 2. d4 f5 3. Nc3 Nf6 4. Bd3 Nc6 5. Nf3 fxe4 6. Nxe4 Nxe4 7. Bxe4 d5 8. Bxh7
Rxh7 9. Qd3 Rh6 10. Bxh6 gxh6 11. Qg6+ Kd7 12. Qf7 Kd6 13. Qf4+ Kd7 14. Qf7 Kd6 15.
Qf4+ Kd7 16. O-O Qe8 17. c4 e6 18. Rfe1 Bd6 19. Qxh6 dxc4 20. d5 Nd8 21. dxe6+ Kc6
22. e7 Nf7 23. Qh4 b5 24. Qe4+ Kb6 25. Qxa8 c6 26. Qxc8  1-0

[Event "British Chess Championships 2023: Major Open"]
[Site "The Venue, De Montfort University, 20 Western Boulevard, Leicester, LE2 7BU"]
[Date "2023.07.30"]
[Round "9"]
[Board "9"]
[White "Mikalajunas, Kajus"]
[Black "Sugden, John N"]
[Result "1/2-1/2"]
[WhiteElo "1881"]
[BlackElo "1977"]
[PlyCount "45"]
[EventDate "2023.07.22"]
[EventRounds "9"]
[EventCountry "ENG"]

1. e4 c6 2. Nc3 d5 3. Nf3 Bg4 4. Be2 e6 5. O-O Nf6 6. h3 Bh5 7. Ne5 Bxe2 8. Qxe2
dxe4 9. Nxe4 Nxe4 10. Qxe4 Nd7 11. d4 Nf6 12. Qf4 Be7 13. b3 O-O 14. c4 c5 15. Bb2
Qc7 16. dxc5 Bxc5 17. Qg5 h6 18. Qh4 Bd6 19. Ng4 Nxg4 20. Qxg4 Be5 21. Qe2 Bxb2 22.
Qxb2 Rfd8 23. Rfd1  1/2-1/2

[Event "British Chess Championships 2023: Major Open"]
[Site "The Venue, De Montfort University, 20 Western Boulevard, Leicester, LE2 7BU"]
[Date "2023.07.30"]
[Round "9"]
[Board "10"]
[White "Bedi, Adam"]
[Black "Brown, Tom"]
[Result "1/2-1/2"]
[WhiteElo "1791"]
[BlackElo "1959"]
[PlyCount "41"]
[EventDate "2023.07.22"]
[EventRounds "9"]
[EventCountry "ENG"]

1. e4 c6 2. d4 d5 3. Nc3 dxe4 4. Nxe4 Nd7 5. Nf3 Ngf6 6. Nxf6+ Nxf6 7. c3 Bg4 8.
h3 Bh5 9. Be2 e6 10. Bf4 Be7 11. O-O O-O 12. Re1 c5 13. Qb3 Nd5 14. Bg3 cxd4 15.
Nxd4 Bxe2 16. Rxe2 Qb6 17. Rd1 Qxb3 18. Nxb3 Bg5 19. Nc5 b6 20. Ne4 Be7 21. c4  1/2-1/2

[Event "British Chess Championships 2023: Major Open"]
[Site "The Venue, De Montfort University, 20 Western Boulevard, Leicester, LE2 7BU"]
[Date "2023.07.30"]
[Round "9"]
[Board "11"]
[White "Arora, Tashika"]
[Black "Rathbone-Jones, Ifan"]
[Result "0-1"]
[WhiteElo "1836"]
[BlackElo "1925"]
[PlyCount "96"]
[EventDate "2023.07.22"]
[EventRounds "9"]
[EventCountry "ENG"]

1. d4 d5 2. Nf3 c6 3. g3 Bg4 4. Bg2 Nf6 5. O-O Nbd7 6. Nbd2 e6 7. b3 a5 8. Bb2 a4
9. c4 a3 10. Bc3 b5 11. cxb5 cxb5 12. Rc1 b4 13. Ba1 Rc8 14. h3 Bxf3 15. Nxf3 Bd6
16. Ne5 O-O 17. Qd2 Qb6 18. g4 h6 19. e3 Qb7 20. f3 Nb8 21. e4 dxe4 22. fxe4 Bxe5
23. dxe5 Nfd7 24. Rxc8 Rxc8 25. Qf2 Nf8 26. h4 Nc6 27. h5 Nh7 28. Rd1 Ng5 29. Qe3
Qa7 30. Kf2 Qb8 31. Qg3 Rd8 32. Rd6 Rc8 33. Qd3 Qa7+ 34. Qe3 Qa5 35. Qc1 Ne7 36.
Qd2 Qc5+ 37. Bd4 Qc2 38. Ke3 Qb1 39. Qxb4 Qg1+ 40. Kd3 Qxg2 41. Bc3 Qf3+ 42. Kc2
Nxe4 43. Rd3 Qe2+ 44. Kc1 Qb2+ 45. Kd1 Nf2+ 46. Ke1 Nxd3+ 47. Kd1 Nxb4 48. Bxb2 axb2
 0-1

[Event "British Chess Championships 2023: Major Open"]
[Site "The Venue, De Montfort University, 20 Western Boulevard, Leicester, LE2 7BU"]
[Date "2023.07.30"]
[Round "9"]
[Board "13"]
[White "Patel, Zain"]
[Black "Mccarthy, Damian M"]
[Result "1-0"]
[WhiteElo "1910"]
[BlackElo "1838"]
[PlyCount "69"]
[EventDate "2023.07.22"]
[EventRounds "9"]
[EventCountry "ENG"]

1. Nf3 c5 2. e3 g6 3. d4 cxd4 4. exd4 Bg7 5. g3 Nf6 6. Bg2 O-O 7. O-O d6 8. b3 Qc7
9. Bb2 e6 10. c4 Re8 11. Nc3 a6 12. Rc1 Nbd7 13. Re1 b6 14. Nd2 Rb8 15. Nde4 Nxe4
16. Nxe4 Nf6 17. Ba3 Nxe4 18. Bxe4 Rd8 19. d5 e5 20. b4 a5 21. bxa5 Qa7 22. Qa4 Qxa5
23. Qxa5 bxa5 24. c5 dxc5 25. Bxc5 f5 26. Bc2 e4 27. Bb3 Kh8 28. Be7 Rd7 29. d6 Ba6
30. Ba4 Rbd8 31. Bxd7 Rxd7 32. Rc7 Rxc7 33. dxc7 Be5 34. Bd8 Bg7 35. Rb1  1-0

[Event "British Chess Championships 2023: Major Open"]
[Site "The Venue, De Montfort University, 20 Western Boulevard, Leicester, LE2 7BU"]
[Date "2023.07.30"]
[Round "9"]
[Board "14"]
[White "Wilkinson, Daniel"]
[Black "Banerjee, Supratit"]
[Result "1/2-1/2"]
[WhiteElo "1712"]
[BlackElo "1895"]
[PlyCount "64"]
[EventDate "2023.07.22"]
[EventRounds "9"]
[EventCountry "ENG"]

1. e4 e6 2. d4 d5 3. Nc3 dxe4 4. Nxe4 Nd7 5. Nf3 Ngf6 6. Nxf6+ Nxf6 7. Bd3 c5 8.
Be3 cxd4 9. Bxd4 Bd7 10. Ne5 Bd6 11. Qe2 Qa5+ 12. Bc3 Bb4 13. Bxb4 Qxb4+ 14. c3 Qe7
15. O-O-O O-O-O 16. Rhe1 Ba4 17. b3 Bd7 18. Kb2 Kb8 19. Qf3 Bc8 20. h4 Qc7 21. Qg3
Nh5 22. Qg5 g6 23. g4 f6 24. Qe3 Ng7 25. Nf3 Rhe8 26. g5 fxg5 27. hxg5 Rd5 28. Ne5
Red8 29. Bc2 Nf5 30. Qe2 a6 31. Rxd5 Rxd5 32. f4 b6  1/2-1/2

[Event "British Chess Championships 2023: Major Open"]
[Site "The Venue, De Montfort University, 20 Western Boulevard, Leicester, LE2 7BU"]
[Date "2023.07.30"]
[Round "9"]
[Board "15"]
[White "Babu, Rahul"]
[Black "Lee, Alexandre Km"]
[Result "1-0"]
[WhiteElo "1846"]
[BlackElo "1693"]
[PlyCount "119"]
[EventDate "2023.07.22"]
[EventRounds "9"]
[EventCountry "ENG"]

1. e4 e6 2. a4 d5 3. Nc3 Nf6 4. d3 dxe4 5. dxe4 Qxd1+ 6. Kxd1 Bc5 7. f3 Nc6 8. Nge2
e5 9. Bd2 Be6 10. Nc1 O-O-O 11. Nd3 Bb6 12. Ne2 a5 13. Nec1 Rd7 14. c3 Rhd8 15. Kc2
Ne8 16. g4 f6 17. h4 Ne7 18. Rh2 Nd6 19. b3 Nf7 20. Nb2 Nd6 21. h5 Rf8 22. Ne2 Rdd8
23. Ng3 g6 24. Bd3 f5 25. hxg6 hxg6 26. exf5 gxf5 27. Rh6 Bd7 28. g5 f4 29. Ne4 Nxe4
30. Bxe4 Bf5 31. Re1 Bxe4+ 32. Rxe4 Nf5 33. Re6 Ne3+ 34. Bxe3 fxe3 35. Rf6 Rd2+ 36.
Kc1 Rh8 37. Rh6 Rxh6 38. gxh6 Rh2 39. Nc4 Rxh6 40. Rxe5 Kd7 41. Kc2 Re6 42. Nxb6+
Rxb6 43. Rxe3 Rf6 44. Kd3 Rf4 45. Ke2 Rh4 46. Re4 Rh2+ 47. Kd3 Rb2 48. Kc4 Rf2 49.
f4 Rf3 50. b4 axb4 51. cxb4 Kd6 52. a5 Rf1 53. Rd4+ Ke6 54. Kb5 Rc1 55. Rc4 c6+ 56.
Kc5 Rd1 57. Kb6 Rd7 58. a6 bxa6 59. Rxc6+ Ke7 60. Rc7  1-0

[Event "British Chess Championships 2023: Major Open"]
[Site "The Venue, De Montfort University, 20 Western Boulevard, Leicester, LE2 7BU"]
[Date "2023.07.30"]
[Round "9"]
[Board "16"]
[White "Bennett, Max"]
[Black "Dougherty, Michael"]
[Result "0-1"]
[WhiteElo "1583"]
[BlackElo "2110"]
[PlyCount "48"]
[EventDate "2023.07.22"]
[EventRounds "9"]
[EventCountry "ENG"]

1. e4 c5 2. Be2 Nc6 3. f4 d5 4. d3 e6 5. Nf3 b6 6. O-O Bb7 7. Na3 Nd4 8. c3 Nxe2+
9. Qxe2 dxe4 10. dxe4 Nf6 11. Rd1 Qc8 12. Ne5 Be7 13. Qb5+ Kf8 14. f5 Bxe4 15. Bg5
exf5 16. Rd7 Qe8 17. Rad1 Nxd7 18. Nxd7+ Kg8 19. Bf4 h6 20. Bc7 Kh7 21. Qf1 f6 22.
Qf4 Qg6 23. Rd2 Rhe8 24. Nc4 Rac8  0-1

[Event "British Chess Championships 2023: Major Open"]
[Site "The Venue, De Montfort University, 20 Western Boulevard, Leicester, LE2 7BU"]
[Date "2023.07.30"]
[Round "9"]
[Board "17"]
[White "Farrand, Tom"]
[Black "Santhosh, Abhyuday"]
[Result "1/2-1/2"]
[WhiteElo "2110"]
[BlackElo "1797"]
[PlyCount "102"]
[EventDate "2023.07.22"]
[EventRounds "9"]
[EventCountry "ENG"]

1. c4 Nf6 2. g3 g6 3. Bg2 Bg7 4. Nc3 O-O 5. d3 e5 6. Rb1 c6 7. Nf3 d5 8. Qa4 d4 9.
Nd1 Re8 10. Bg5 Nbd7 11. O-O Nc5 12. Qa3 Ne6 13. Bxf6 Qxf6 14. b4 Bd7 15. c5 Bf8
16. Nd2 a5 17. Ne4 Qd8 18. Qb2 f5 19. Nd6 Bxd6 20. cxd6 axb4 21. Qxb4 b5 22. Nb2
Rxa2 23. Rfc1 Ra6 24. Qb3 Kg7 25. Rc2 Qa8 26. h4 Rc8 27. Rbc1 Kf6 28. e3 Qb8 29.
Qb4 c5 30. Qd2 Kg7 31. e4 fxe4 32. Bxe4 Qxd6 33. h5 Bc6 34. Re1 Bxe4 35. Rxe4 Ra1+
36. Kg2 Qd5 37. h6+ Kg8 38. Qe2 Re8 39. Qg4 Re1 40. f3 Rxe4 41. fxe4 Qd7 42. Qh3
Rf8 43. Nd1 c4 44. Nf2 Qf7 45. Ng4 Qf3+ 46. Kh2 Ng5 47. Qh4 Qxd3 48. Qxg5 Qxc2+ 49.
Kh3 Qxe4 50. Qe7 Qh1+ 51. Nh2 Rf7  1/2-1/2

[Event "British Chess Championships 2023: Major Open"]
[Site "The Venue, De Montfort University, 20 Western Boulevard, Leicester, LE2 7BU"]
[Date "2023.07.30"]
[Round "9"]
[Board "18"]
[White "Kothari, Jai"]
[Black "Green, Michael"]
[Result "0-1"]
[WhiteElo "1782"]
[BlackElo "1923"]
[PlyCount "108"]
[EventDate "2023.07.22"]
[EventRounds "9"]
[EventCountry "ENG"]

1. e4 g6 2. Nc3 c6 3. Bc4 Nf6 4. e5 d5 5. Bb3 Nh5 6. d4 Ng7 7. f4 h5 8. Be3 Nf5 9.
Bf2 b5 10. Nce2 e6 11. Nf3 a5 12. c3 Nd7 13. O-O h4 14. a4 b4 15. Qe1 Ba6 16. Bc2
Be7 17. Qd2 Rc8 18. Bd3 Qb6 19. Bxa6 Qxa6 20. g4 hxg3 21. hxg3 c5 22. Kg2 cxd4 23.
cxd4 Nb6 24. b3 Kd7 25. Ne1 Qa8 26. Nd3 Nc4 27. Qe1 Nfe3+ 28. Bxe3 Nxe3+ 29. Kg1
Nxf1 30. Qxf1 Rh5 31. Kg2 Qa6 32. Ng1 Rc2+ 33. Kf3 Qc8 34. Ne2 Rh2 35. Nf2 g5 36.
Rc1 gxf4 37. gxf4 Bh4 38. Nd3 Rhxe2 39. Qxe2 Rxc1 40. Nxc1 Qxc1 41. Qb5+ Qc6 42.
Qxa5 Qc3+ 43. Ke2 Qe1+ 44. Kd3 Qe4+ 45. Kd2 Qxf4+ 46. Ke2 Qf2+ 47. Kd3 Qf3+ 48. Kd2
Bg5+ 49. Ke1 Qc3+ 50. Kf1 Ke7 51. Qc5+ Qxc5 52. dxc5 Be3 53. c6 Bb6 54. Ke2 Kd8  0-1

[Event "British Chess Championships 2023: Major Open"]
[Site "The Venue, De Montfort University, 20 Western Boulevard, Leicester, LE2 7BU"]
[Date "2023.07.30"]
[Round "9"]
[Board "19"]
[White "Honey, Luke"]
[Black "Rice, Chris B"]
[Result "1-0"]
[WhiteElo "1730"]
[BlackElo "1892"]
[PlyCount "81"]
[EventDate "2023.07.22"]
[EventRounds "9"]
[EventCountry "ENG"]

1. e4 c6 2. d4 d5 3. exd5 cxd5 4. c4 Nf6 5. Nc3 g6 6. Qb3 Bg7 7. cxd5 Nbd7 8. Be2
Nb6 9. Bf3 O-O 10. Nge2 Bg4 11. Bxg4 Nxg4 12. O-O Nf6 13. Nf4 Qd7 14. Be3 Rfd8 15.
d6 e6 16. Rac1 Ne8 17. Ne4 Nxd6 18. Nc5 Qe7 19. a4 Nf5 20. a5 Nd5 21. Nxd5 Rxd5 22.
Qxb7 Qxb7 23. Nxb7 Nxd4 24. Bxd4 Bxd4 25. b4 Rb8 26. a6 Bb6 27. Rfd1 Rxd1+ 28. Rxd1
Rc8 29. g3 Rc2 30. Nc5 Kg7 31. Kg2 g5 32. Rd3 h5 33. h3 Kg6 34. Rb3 f5 35. Re3 Kf7
36. Rd3 Ke7 37. Rd7+ Kf6 38. Rh7 Kg6 39. Re7 Rc4 40. Rxe6+ Kf7 41. Rxb6  1-0

[Event "British Chess Championships 2023: Major Open"]
[Site "The Venue, De Montfort University, 20 Western Boulevard, Leicester, LE2 7BU"]
[Date "2023.07.30"]
[Round "9"]
[Board "20"]
[White "Rida, Ruqayyah"]
[Black "Macqueen, Andrew"]
[Result "1-0"]
[WhiteElo "1828"]
[BlackElo "1759"]
[PlyCount "127"]
[EventDate "2023.07.22"]
[EventRounds "9"]
[EventCountry "ENG"]

1. e4 c5 2. Nf3 d6 3. d4 cxd4 4. Nxd4 Nf6 5. Nc3 a6 6. f3 e5 7. Nb3 Be6 8. Be3 Be7
9. Qd2 Nc6 10. O-O-O O-O 11. g4 Rc8 12. Kb1 b5 13. Nd5 Bxd5 14. exd5 Nb8 15. g5 Ne8
16. Na5 f5 17. gxf6 Nxf6 18. Bh3 Nfd7 19. Nc6 Nxc6 20. dxc6 Nf6 21. Bxc8 Qxc8 22.
Rhg1 Qxc6 23. Rdf1 Nh5 24. Bg5 Nf6 25. Bh6 Rf7 26. Bg5 g6 27. h4 Nh5 28. Bxe7 Rxe7
29. Qg5 Kf8 30. Rd1 Ke8 31. Rge1 Nf4 32. Re4 Qc5 33. Rde1 Qf2 34. Qg4 Qc5 35. a3
a5 36. Qg1 Qxg1 37. Rxg1 Kd7 38. Rd1 d5 39. c4 Kc6 40. cxd5+ Nxd5 41. Re2 Nc7 42.
Rc2+ Kb7 43. Rd6 Ne8 44. Rd3 Nc7 45. Kc1 Ne6 46. Re3 Nd4 47. Rc5 Kb6 48. Rcxe5 Rxe5
49. Rxe5 Nxf3 50. Re4 Kc5 51. Rf4 Ne5 52. Rf8 a4 53. Kd2 Nc4+ 54. Kc3 Ne5 55. Rf6
h5 56. Rf8 Nc6 57. Kd3 Kd5 58. Ke3 Ne5 59. Kf4 Nd3+ 60. Kg5 Nxb2 61. Kxg6 b4 62.
axb4 a3 63. Ra8 Nc4 64. Kxh5  1-0

[Event "British Chess Championships 2023: Major Open"]
[Site "The Venue, De Montfort University, 20 Western Boulevard, Leicester, LE2 7BU"]
[Date "2023.07.30"]
[Round "9"]
[Board "21"]
[White "Subramanian, Anusha"]
[Black "Isik, Muhammed Oguz"]
[Result "1-0"]
[WhiteElo "1818"]
[BlackElo "1701"]
[PlyCount "65"]
[EventDate "2023.07.22"]
[EventRounds "9"]
[EventCountry "ENG"]

1. d4 Nf6 2. Bg5 d5 3. e3 e6 4. Nf3 c6 5. c4 Nbd7 6. Nc3 Qa5 7. Nd2 Bb4 8. Qc2 O-O
9. Bxf6 Nxf6 10. Bd3 Re8 11. O-O dxc4 12. Nxc4 Qh5 13. a3 Be7 14. b4 Bd8 15. f4 Bc7
16. Rf3 g6 17. Rh3 Qg4 18. Rf1 Nd5 19. Ne4 e5 20. Nxe5 Bxe5 21. fxe5 h5 22. Rg3 Qh4
23. Nd6 Nxe3 24. Rxe3 Qxd4 25. Qf2 Be6 26. Nxe8 Rxe8 27. Rf3 Qd7 28. Qg3 Kg7 29.
Rf6 Qd4+ 30. Kh1 Bg4 31. Rxf7+ Kg8 32. Bxg6 Rxe5 33. Bxh5  1-0

[Event "British Chess Championships 2023: Major Open"]
[Site "The Venue, De Montfort University, 20 Western Boulevard, Leicester, LE2 7BU"]
[Date "2023.07.30"]
[Round "9"]
[Board "22"]
[White "Freeman, Ashley"]
[Black "Davis, Timothy J"]
[Result "1-0"]
[WhiteElo "1846"]
[BlackElo "1737"]
[PlyCount "31"]
[EventDate "2023.07.22"]
[EventRounds "9"]
[EventCountry "ENG"]

1. e4 e5 2. Nf3 Nc6 3. Bc4 Bc5 4. b4 Bxb4 5. c3 Ba5 6. d4 exd4 7. O-O Nge7 8. Ng5
Ne5 9. Nxf7 Nxf7 10. Bxf7+ Kxf7 11. Qh5+ g6 12. Qxa5 dxc3 13. Nxc3 c6 14. Qa4 d6
15. Bg5 Be6 16. Qd4  1-0

[Event "British Chess Championships 2023: Major Open"]
[Site "The Venue, De Montfort University, 20 Western Boulevard, Leicester, LE2 7BU"]
[Date "2023.07.30"]
[Round "9"]
[Board "23"]
[White "Garnett, John S"]
[Black "Burton, Sean"]
[Result "1-0"]
[WhiteElo "1831"]
[BlackElo "1715"]
[PlyCount "69"]
[EventDate "2023.07.22"]
[EventRounds "9"]
[EventCountry "ENG"]

1. c4 f5 2. g3 Nf6 3. Bg2 d6 4. Nc3 e5 5. d3 Be7 6. e4 fxe4 7. Nxe4 O-O 8. Ne2 c6
9. O-O Nbd7 10. d4 Nxe4 11. Bxe4 Nf6 12. Bg2 e4 13. Bf4 d5 14. cxd5 cxd5 15. Rc1
Bd6 16. Qb3 Be6 17. Bxd6 Qxd6 18. Nf4 Bf7 19. Rc2 Rac8 20. Rxc8 Rxc8 21. Qxb7 Rb8
22. Qxa7 g5 23. Nh3 h6 24. b3 Rb6 25. Rc1 Ra6 26. Qb7 Rb6 27. Qc8+ Kg7 28. Qc2 Rb4
29. Rd1 Bh5 30. Rd2 Ng4 31. f3 e3 32. Re2 Bg6 33. Qc3 Nf6 34. Qxe3 Rb7 35. Nf2  1-0